000 00437nam a2200181Ia 4500
001 15524
005 20260306170202.0
008 260306t1969||||xx |||||||||||||| ||und||
041 _aESP
082 _a541.39
_bG88
100 _aGuevara, Juan de Dios
_eAUT
245 0 _aQuímica de las reacciones orgánicas
260 _c1969
300 _a395 páginas :
_c20 cm.
650 _aGEN
654 _aCCN
942 _cLIB
_dJUS
_fJUS
_2ddc
_n
999 _c15524
_d15524